000 00301nam a22001217a 4500
008 180424b xxu||||| |||| 00| 0 eng d
041 _aeng
080 _a043.3
100 _a0
101 _aINI-BTH
245 _aLlogaritja e shpateve në gurëthyesin "PASOMË"- VUSHTRRI
_cCanaj, F
942 _2udc
_cBK
999 _c45482
_d45482